000 00742nam a2200229 i 4500
001 179045
003 ES-MaACL
005 20251109142313.0
008 110824s1910 ag |||| | spa d
080 _a982"1817/60"
080 _a929 Lavalle, Juan
100 1 _aLavalle, Enrique Richard.
_9147729
245 1 0 _aLavalle /
_cpor Enrique Richard Lavalle.
260 _aBuenos Aires :
_bCabaut,
_c1910.
300 _a157 p. ;
_c18 cm.
490 1 _aBiblioteca de mayo. Nuestros hombres ;
_v3
600 1 7 _aLavalle, Juan,
_d1797-1841
_2
_9147728
651 4 _aArgentina-
_xHistoria-
_y1817-1860.
_9146569
830 0 0 _aBiblioteca de mayo.
_pNuestros hombres
_v3
_9191054
852 _aES-MaACL
_jD-1894
999 _c179045
_d179045